00474 a2200157 4500260000900000100001600009260000800025300001200033440001000045245017700055260000900232130000700241440003600248020001800284440001400302 aROME aMILLER,M.G. bFAO aX-183p. v14/13 aManuels sur le contrôle de la qualité des produits alimentaires.13.analyse des résidus de pesticides dans les laboratoires de contrôle de la qualité des aliments. c1995 lFr aAlimentation et nutrition 14/13 a92-5-203269-X x1014-2908